000 00978nam a2200229Ia 4500
003 IN-BaIIA
008 211028s9999 xx 000 0 eng d
020 _a4-9980848-0-1
040 _cIIA Library
080 _a524(082.2)
_bHIR
111 _aVSOP Symposium on Astrophysical Phenomena Revealed by Space VLBI
_cISAS, Japan
_d2000 Jan. 19-21
_924026
245 0 _aAstrophysical phenomena revealed by space VLBI
_bproceedings of the VSOP symposium on astrophysical phenomena revealed by space VLBI, held in ISAS, Japan, 19-21 Jan 2000
_cedited by H. Hirabayashi, P. G. Edwards and D. W. Murphy
260 _aJapan
_bInstitute of Space and Astronautical Sciences
_c2000
300 _axxi, 329p.
650 _aAstronomy
_980
650 _aRadioactivity
_91529
650 _aRadioisotopes
_924027
700 _aEdwards, P. G., ed.
_924028
700 _aHirabayashi, H., ed.
_924029
700 _aMurphy, D. W., ed.
_924030
942 _cBK
999 _c13673
_d13673